000 01282cam a22003617a 4500
001 17768234
003 PILC
005 20150601085010.0
008 130607s2014 moua 000 0 eng d
010 _a 2012277425
020 _a9781455733903
020 _a1455733903
035 _a(OCoLC)ocn809616185
040 _aBTCTA
_beng
_erda
_cBTCTA
_dYDXCP
_dBWX
_dZNC
_dTEF
_dDLC
042 _alccopycat
050 0 0 _aRT 42
_b.M246 2014
060 4 _aWY 18.2
_bM385s 2014
100 1 _aMartinez de Castillo, Sandra Luz,
_eauthor.
245 1 0 _aStrategies, techniques, & approaches to critical thinking :
_ba clinical reasoning workbook for nurses /
_cSandra Luz Martinez de Castillo.
246 3 _aStrategies, techniques, and approaches to critical thinking
246 3 _aSTAT
250 _a5th edition.
260 _aSt. Louis, MO :
_bElsevier,
_c2014.
300 _aix, 274 pages :
_billustrations ;
_c28 cm
500 _aIncludes appendix.
650 0 _aNursing
_vCase studies.
650 0 _aNursing
_xDecision making
_vTextbooks.
650 1 2 _aNursing Care
_vProblems and Exercises.
650 2 2 _aDecision Making.
906 _a7
_bcbc
_ccopycat
_d2
_encip
_f20
_gy-gencatlg
942 _2lcc
_cBK
_kFOR
999 _c284534
_d284534